| 000 | 00000cas 2200000zi 4500 |
| 001 | 9.941811 |
| 003 | CaOODSP |
| 005 | 20251208080035 |
| 006 | m o d f |
| 007 | cr cn |||||||| |
| 008 | 240813c20239999qucar p o s f0###b0fre d |
| 022 | |a2818-5234 |
| 040 | |aCaOODSP|bfre|erda|cCaOODSP |
| 043 | |an-cn--- |
| 086 | 1 |aST96-22F-PDF |
| 222 | 0|aVue d'ensemble du secteur spatial canadien |
| 245 | 00|aVue d'ensemble du secteur spatial canadien. |
| 264 | 1|a[Saint-Hubert, Québec] : |bAgence spatiale canadienne = Canadian Space Agency, |c[2024]- |
| 310 | |aAnnuel |
| 336 | |atexte|btxt|2rdacontent/fre |
| 337 | |ainformatique|bc|2rdamedia/fre |
| 338 | |aressource en ligne|bcr|2rdacarrier/fre |
| 362 | 1 |aParaît depuis : 2023. |
| 500 | |aPublié aussi en anglais sous le titre : Canada's space sector industry snapshot. |
| 550 | |aRéalisée en collaboration avec Espace Canada, 2023- |
| 588 | |aDescription d'après : 2023; titre de la page couverture du fichier PDF. |
| 588 | |aDernière livraison consultée : 2023. |
| 650 | 6|aEspace extra-atmosphérique|xIndustrialisation|zCanada|vStatistiques|vPériodiques. |
| 650 | 6|aAstronautique|xPolitique gouvernementale|zCanada|vStatistiques|vPériodiques. |
| 655 | 7|aPériodiques|2rvmgf |
| 655 | 7|aStatistiques|2rvmgf |
| 710 | 2 |aAgence spatiale canadienne, |eorganisme de publication. |
| 775 | 08|tCanada's space sector industry snapshot.|w(CaOODSP)9.941812 |